[Event "ESP-ch U16"]
[Site "Salobrena"]
[Date "2022.07.27"]
[Round "5"]
[White "Matas Conde, Rafael"]
[Black "Lobo Pereira, Arami"]
[Result "0-1"]
[WhiteElo "1785"]
[BlackElo "1910"]
[PlyCount "74"]
[EventDate "2022.07.25"]
[EventType "swiss"]
[EventRounds "9"]
[EventCountry "ESP"]
[SourceTitle "EXT 2023"]
[Source "ChessBase"]
[SourceDate "2022.10.05"]
[SourceVersion "1"]
[SourceVersionDate "2022.10.05"]
[SourceQuality "1"]

1. e4 e6 2. d3 d5 3. Nd2 c5 4. Ngf3 Nc6 5. g3 Nf6 6. Bg2 g6 7. 0-0 Bg7 8. Re1 0-0 9. h4 Rb8 10. Qe2 b5 11. Nf1 Bb7 12. Bf4 Rc8 13. e5 Nd7 14. h5 h6 15. hxg6 fxg6 16. Qd2 Kh7 17. N1h2 Nd4 18. g4 Rxf4 19. Qxf4 Nxc2 20. Rac1 Nxe1 21. Rxe1 Qf8 22. Qg3 Qf7 23. Qh3 Kg8 24. g5 h5 25. d4 Rf8 26. Qg3 Kh7 27. Bh3 Bc8 28. Rc1 Qe7 29. a3 cxd4 30. Rc6 Nc5 31. Nxd4 Ne4 32. Qe3 Bxe5 33. Nxe6 Bxe6 34. Rxe6 Qxg5+ 35. Qxg5 Bxh2+ 36. Kxh2 Nxg5 37. Re7+ Kh6 0-1

[Event "ESP-ch U16"]
[Site "Salobrena"]
[Date "2022.07.25"]
[Round "2"]
[White "Gonzalez Castillo, Jose Javier"]
[Black "Matas Conde, Rafael"]
[Result "1-0"]
[WhiteElo "2009"]
[BlackElo "1785"]
[PlyCount "51"]
[EventDate "2022.07.25"]
[EventType "swiss"]
[EventRounds "9"]
[EventCountry "ESP"]
[SourceTitle "EXT 2023"]
[Source "ChessBase"]
[SourceDate "2022.10.05"]
[SourceVersion "1"]
[SourceVersionDate "2022.10.05"]
[SourceQuality "1"]

1. e4 d5 2. exd5 Qxd5 3. Nc3 Qd6 4. b3 Nf6 5. Bb2 Bf5 6. Qf3 Qe6+ 7. Nge2 c6 8. 0-0-0 Qc8 9. h3 e6 10. Nd4 Bg6 11. Bc4 Nd5 12. Bxd5 cxd5 13. h4 Nc6 14. Nxc6 Qxc6 15. h5 Bf5 16. g4 Be4 17. Nxe4 dxe4 18. Qe2 Rc8 19. d3 exd3 20. Qxd3 h6 21. Kb1 Qc7 22. f4 Rd8 23. Qe4 Rxd1+ 24. Rxd1 Bd6 25. Bxg7 Rg8 26. Qh7 1-0

[Event "Salamanca Unamuno Cup"]
[Site "Salamanca"]
[Date "2021.12.06"]
[Round "7"]
[White "Tafall Villanueva, Ander"]
[Black "Matas Conde, Rafael"]
[Result "1-0"]
[WhiteElo "2004"]
[BlackElo "1725"]
[PlyCount "59"]
[EventDate "2021.12.03"]
[EventType "swiss"]
[EventRounds "9"]
[EventCountry "ESP"]
[SourceTitle "EXT 2023"]
[Source "ChessBase"]
[SourceDate "2022.10.05"]
[SourceVersion "1"]
[SourceVersionDate "2022.10.05"]
[SourceQuality "1"]

1. e4 c5 2. Nf3 Nc6 3. d4 cxd4 4. Nxd4 e5 5. Nb5 d6 6. N1c3 a6 7. Na3 b5 8. Nd5 Nce7 9. Be3 Nxd5 10. Qxd5 Be6 11. Qc6+ Bd7 12. Qb6 Qxb6 13. Bxb6 Rb8 14. Be3 f5 15. exf5 Bxf5 16. 0-0-0 Nf6 17. f3 Be7 18. Bd3 Be6 19. Bg5 Nd5 20. Bxe7 Kxe7 21. Rhe1 Rhe8 22. Nb1 Nb4 23. Nc3 Rbd8 24. a3 Nxd3+ 25. Rxd3 g5 26. Red1 Rg8 27. Ne4 d5 28. Nc5 Rd6 29. Re1 Kf6 30. Ne4+ 1-0

[Event "ESP-ch U16"]
[Site "Salobrena"]
[Date "2021.07.23"]
[Round "8"]
[White "Matas Conde, Rafael"]
[Black "Abrisqueta Zudaire, Leyre"]
[Result "1-0"]
[WhiteElo "1582"]
[BlackElo "1905"]
[PlyCount "95"]
[EventDate "2021.07.19"]
[EventType "swiss"]
[EventRounds "9"]
[EventCountry "ESP"]
[SourceTitle "EXT 2022"]
[Source "ChessBase"]
[SourceDate "2021.10.06"]
[SourceVersion "1"]
[SourceVersionDate "2021.10.06"]
[SourceQuality "1"]

1. e4 b6 2. d4 Bb7 3. Bd3 e6 4. Nf3 c5 5. c3 Nf6 6. Qe2 d5 7. e5 Nfd7 8. 0-0 Be7 9. Be3 Nc6 10. a3 g5 11. b4 g4 12. Ne1 c4 13. Bc2 Qc7 14. f4 gxf3 15. Nxf3 0-0-0 16. Ng5 Bxg5 17. Bxg5 Rdg8 18. Bf6 Nxf6 19. Rxf6 Rg7 20. Nd2 Ne7 21. Raf1 Ng8 22. R6f4 h5 23. Qf3 Nh6 24. Qxh5 Qd8 25. Qf3 Qg5 26. h3 Rhg8 27. Rf2 b5 28. Nf1 Bc6 29. Ne3 Qd8 30. Rf6 Rg3 31. Qf4 Rxh3 32. Rxh6 Rxh6 33. Qxh6 Be8 34. Qf6 Qc7 35. Rf3 Kb7 36. Bh7 Rf8 37. Qg7 Qe7 38. Rf6 Bc6 39. Bg6 Be8 40. Ng4 a5 41. Nh6 axb4 42. axb4 Kb6 43. Bxf7 Bxf7 44. Rxf7 Rxf7 45. Qxf7 Qg5 46. Qxe6+ Ka7 47. Qf7+ Kb8 48. Qg8+ 1-0

[Event "ESP-chT Regional U16"]
[Site "Gijon"]
[Date "2021.06.18"]
[Round "3.2"]
[White "Matas Conde, Rafael"]
[Black "Gonzalez Guijas, Sergio"]
[Result "0-1"]
[WhiteElo "1666"]
[BlackElo "1386"]
[PlyCount "76"]
[EventDate "2021.06.17"]
[EventType "team-swiss"]
[EventRounds "6"]
[EventCountry "ESP"]
[SourceTitle "EXT 2022"]
[Source "ChessBase"]
[SourceDate "2021.10.06"]
[SourceVersion "1"]
[SourceVersionDate "2021.10.06"]
[SourceQuality "1"]
[WhiteTeam "La Rioja U16"]
[BlackTeam "Castilla y Leon U16"]
[WhiteTeamCountry "ESP"]
[BlackTeamCountry "ESP"]

1. e4 e6 2. d4 d5 3. exd5 exd5 4. c4 Nf6 5. Nc3 Be7 6. Nf3 0-0 7. Bd3 dxc4 8. Bxc4 Bg4 9. Be2 c6 10. 0-0 Qc7 11. h3 Bh5 12. Be3 Rd8 13. Rc1 Qa5 14. Qb3 Nbd7 15. Qxb7 Rab8 16. Qxc6 Rxb2 17. Rfe1 Bb4 18. Nd2 Bxe2 19. Rxe2 Bxc3 20. Rxc3 Rxa2 21. Nb3 Qa6 22. Rxa2 Qxa2 23. Qc7 Re8 24. Na5 Qd5 25. Nb7 h6 26. Nd6 Ra8 27. Nc8 Qe4 28. Nd6 Qe6 29. Qc6 Rb8 30. Qc7 Rb1+ 31. Kh2 Nd5 32. Qd8+ Kh7 33. Rc6 Nb4 34. d5 Qe5+ 35. g3 Qxd5 36. Rc1 Rxc1 37. Bxc1 Qxd6 38. Ba3 Nc6 0-1

[Event "ESP-ch U10"]
[Site "Granada"]
[Date "2016.06.27"]
[Round "2"]
[White "Matas Conde, Rafael"]
[Black "Bellver Gorshenin, Maxim"]
[Result "0-1"]
[WhiteElo "1166"]
[BlackElo "1437"]
[PlyCount "56"]
[EventDate "2016.06.27"]
[EventType "swiss"]
[EventRounds "9"]
[EventCountry "ESP"]
[SourceTitle "EXT 2024"]
[Source "ChessBase"]
[SourceDate "2023.10.10"]
[SourceVersion "1"]
[SourceVersionDate "2023.10.10"]
[SourceQuality "1"]

1. e4 e5 2. d4 exd4 3. Qxd4 Nc6 4. Qe3 d6 5. Nc3 Bd7 6. Bd2 a6 7. a3 Nf6 8. Bd3 g6 9. h3 Bg7 10. Nf3 Qe7 11. Nd5 Nxd5 12. exd5 Qxe3+ 13. Bxe3 Bxb2 14. Rb1 Bc3+ 15. Bd2 Bxd2+ 16. Kxd2 Na5 17. Rhe1+ Kf8 18. Re3 Bf5 19. Rbe1 Bxd3 20. Kxd3 Kg7 21. Re7 h6 22. Rxc7 Rac8 23. Ree7 Rxc7 24. Rxc7 Rd8 25. Kc3 b6 26. Nd4 Rb8 27. Rd7 Rc8+ 28. Kb4 Rc4# 0-1